Bordering Capital Cities - Statistics

General Stats
  • This quiz has been taken 27 times
    20 since last reset
  • The average score is 27 of 44
Answer Stats
Continent Capital City % Correct
Europe Bratislava
100%
Europe Vienna
100%
Europe Vaduz
93%
Europe Vatican City
93%
Europe Andorra la Vella
87%
Europe Ljubljana
87%
Europe Rome
87%
Europe Copenhagen
80%
Europe Luxembourg
80%
Europe Monaco
80%
Europe San Marino
80%
Africa Brazzaville
73%
Europe Budapest
73%
Africa Kinshasa
73%
Europe Pristina
73%
Asia Singapore
73%
Europe Zagreb
73%
Asia Bandar Seri Begawan
67%
Asia Jerusalem
67%
Europe Podgorica
67%
Europe Skopje
67%
Asia Yerevan
67%
Asia Amman
60%
Asia Bishkek
60%
Africa Lomé
60%
Asia Tashkent
60%
Asia Tbilisi
60%
Asia Vientiane
60%
Asia Damascus
47%
Asia Manama
47%
Africa Maseru
47%
Africa Mbabane
47%
The Americas Port-au-Prince
47%
Europe Vilnius
47%
Asia Ashgabat
40%
Africa Djibouti
40%
Africa Porto-Novo
40%
The Americas Asunción
33%
Africa Bangui
33%
Africa Banjul
33%
Africa N'Djamena
33%
Africa Gaborone
20%
Asia Nicosia
13%
The Americas Port-of-Spain
13%
No matching quizzes found
Score Distribution
Percent of People with Each Score
Percentile by Number Answered
Your Score History
You have not taken this quiz since the last reset